Every Abelisauridae - Statistics

General Stats
  • This quiz has been taken 13 times
  • The average score is 12 of 31
Answer Stats
Answer % Correct
Abelisaurus
100%
Carnotaurus
100%
Majungasaurus
100%
Rugops
100%
Rajasaurus
89%
Aucasaurus
78%
Skorpiovenator
78%
Kryptops
56%
Ekrixinatosaurus
44%
Pycnonemosaurus
44%
Indosuchus
33%
Thanos
33%
Arcovenator
22%
Chenanisaurus
22%
Guemesia
22%
Indosaurus
22%
Kurupi
22%
Quilmesaurus
22%
Spectrovenator
22%
Tarascosaurus
22%
Viavenator
22%
Caletodraco
11%
Elemgasem
11%
Genusaurus
11%
Ilokelesia
11%
Koleken
11%
Llukalkan
11%
Niebla
11%
Rahiolisaurus
11%
Tralkasaurus
11%
Xenotarsosaurus
11%
No matching quizzes found
Score Distribution
Percent of People with Each Score
Percentile by Number Answered
Your Score History
You have not taken this quiz